No gold footballs ; a study of the physical education program at Phillips Exeter Academy.

Bibliographic Details
Main Author: Kellogg, Warren N.
Format: Book
Language:English
Published: New York : Twayne Publishers, [1954]
Subjects:

MARC

Tag First Indicator Second Indicator Subfields
LEADER 00000cam a2200000 4500
001 in00000068424
005 20151008052005.0
008 760428s1954 nyu 00000 eng
010 |a  54011992  
035 |a (OCoLC)02144185 
035 |9 AAH1100AM 
040 |a DLC  |c SGW  |d TXA  |d UtOrBLW 
049 |a TXAM  |c [239259] 
050 0 |a GV691.P43  |b K4 
082 0 |a 371.74 
092 |a 371.74  |b K29n 
100 1 |a Kellogg, Warren N. 
245 1 0 |a No gold footballs ;  |b a study of the physical education program at Phillips Exeter Academy. 
264 1 |a New York :  |b Twayne Publishers,  |c [1954] 
300 |a 96 pages :  |b illustrations ;  |c 22 cm. 
336 |a text  |b txt  |2 rdacontent 
337 |a unmediated  |b n  |2 rdamedia 
338 |a volume  |b nc  |2 rdacarrier 
610 2 0 |a Phillips Exeter Academy  |x Athletics. 
999 |a MARS 
999 f f |s 8a4f9b5c-21b2-3f11-b043-c44a762fc65e  |i e3e011e8-4e8d-3e10-a97f-44d97412f1a8  |t 0 
952 f f |p ric  |a Texas A&M University  |b Rellis Campus  |c Joint Library Facility  |d Remote Storage  |t 0  |e GV691.P43 K4  |h Library of Congress classification  |i unmediated -- volume  |m A14800845732 
998 f f |a GV691.P43 K4  |t 0  |l Remote Storage